000 01163nam a2200289 i 4500
001 16752
003 ES-MaACL
005 20231228170448.0
007 t|
008 001030s1963 sp ||||1| spa d
080 _a323.174
100 1 _aMoral y Pérez de Zayas, José María del,
_d1917-2014
_982955
245 1 3 _aEl ayer y el mañana del regionalismo /
_cJosé María del Moral.
260 _aMadrid :
_bAteneo :
_bEditora Nacional,
_c1963.
300 _a37 p. , [1] h. ;
_c20 cm.
490 1 _aColección Ateneo ;
_v10
594 _aConferencia pronunciada en el Ateneo de Madrid el 29 de abril de 1963.
598 _aEn verso de anteport.: Esta colección la publica Editora Nacional.
610 2 7 _aAteneo de Madrid-
_vConferencias-
_y1940-1982.
_91908
650 1 4 _aRegionalismo.
_916746
710 2 _aAteneo de Madrid.
_91875
830 0 _aColección Ateneo ;
_v10
_9180032
852 4 _aES-MaACL
_j2154-F-30
852 _aES-MaACL
_jA-6237 (10)
_xOlim P-512-bis
_z- En lomo: Vols. 1-11
852 _aES-MaACL
_jP-211-Ter-1-10
_z.- En lomo: Vols. 1-11
999 _c16752
_d16752